000 01268nam0a22003011 4500
001 rc\4304104
005 20130416125541.5
021 _aRU
_b[65-36445]
035 _a(NLR Aleph) 008503966
090 _a8126810
_c8126810
100 _a20130416d1965 |||y0rusy50 ca
101 1 _arus
_cest
102 _aRU
105 _aa z |||a|
200 1 _aРассказ Эмайыги
_eРоман
_fПеревод с эст. О. Наэль
_g[Ил.: Ю.А. Цишевский]
210 _aМосква
_cСов. писатель
_d1965
215 _a474 с.
_cил.
_d21
300 _aПеред загл. авт.: Луиза Вахер; в вып. дан.: Вахер, Луиза Яановна
606 _aНародное хозяйство
_xВосстановление после немецко-фашистской оккупации
_yЭстонская ССР (х. л.)
_2psbo
606 _aКоммунистическое строительство
_yЭстонская ССР (х. л.)
_2psbo
700 1 _aВахер
_bЛ. Я.
_f1912-
_gЛуиза Яновна
702 1 _aЦишевский
_bЮ. А.
_4440
702 1 _aНаэль
_bО.
_4730
801 0 _aRU
_bNLR
_gpsbo
801 1 _aRU
_bELAR
_2rusmarc
852 _aNLR
_j65-3/2512
942 _cBOOK
980 _aNB